000 02585cam a22002294a 4500
005 20250605163955.0
008 250528s ||||||||||||||||||||||||d
035 _a15438
020 _a23681217
040 _aGR-AtMCL
_bgre
_dGR-AtMCL
_eAACR2
245 1 _aManagement Information Systems / Organization and Technology: Third Edition
250 _a3rd
260 _bMacmillan Publishing Company,
_c1994
300 _a834
505 0 _aOrganizational Foundations of Information Systems, The Challenge of Information Systems, Examples of Information Systems, Strategic Information Systems, Information Systems and Organizations, Information and Management and Decision Making, Technical Foundations of Information Systems, Computers and Information Processing, Information Systems Software, Managing Data Resources, Telecommunications The New Information Architecture, Building Information Systems: Contemporary Approaches, Redesigning the Organization with Information Systems, Alternative Systems-Building Methods, Ensuring Quality with Information Systems, System Success and Failure: Implementation, Management and Organizational Support Systems, Knowledge and Information Work Systems, Enhancing Management Decision Making, Artificial Intelligence, Managing Contemporarary Information Systems, Controlling Information Systems, Managing International Information Systems, Ethical and Social Issues in Information Systems, Index.
520 _aOrganizational Foundations of Information Systems, The Challenge of Information Systems, Examples of Information Systems, Strategic Information Systems, Information Systems and Organizations, Information and Management and Decision Making, Technical Foundations of Information Systems, Computers and Information Processing, Information Systems Software, Managing Data Resources, Telecommunications The New Information Architecture, Building Information Systems: Contemporary Approaches, Redesigning the Organization with Information Systems, Alternative Systems-Building Methods, Ensuring Quality with Information Systems, System Success and Failure: Implementation, Management and Organizational Support Systems, Knowledge and Information Work Systems, Enhancing Management Decision Making, Artificial Intelligence, Managing Contemporarary Information Systems, Controlling Information Systems, Managing International Information Systems, Ethical and Social Issues in Information Systems, Index.
700 1 _aLaudon Jane Price
_91357
700 1 _aLaudon Kenneth C
_91358
942 _cBK
999 _c1018
_d1018